[Event "Madrid"]
[Site "?"]
[Date "1997.??.??"]
[Round "?"]
[White "Shirov, Alexei"]
[Black "Salov, Valery"]
[Result "1-0"]
[WhiteElo "2690"]
[BlackElo "2665"]
[Annotator "NN"]
[PlyCount "63"]
[EventDate "1997.??.??"]
[SourceDate "2003.04.06"]

{69/88} 1. e4 {Shirov. Shirov: 'Donev Finkel,A Mueller,Ka   '} 1... d5 2. exd5
Qxd5 3. Nc3 Qa5 4. d4 Nf6 5. Nf3 c6 6. Bc4 Bf5 7. Bd2 e6 8. Nd5 (8. Qe2 {
- 66/73}) (8. Ne4 {- 66/(73)} 8... Qd8 9. Ng3 Bg6 10. h4 $14) 8... Qd8 9. Nxf6+
Qxf6 $146 (9... gxf6 {- 63/88}) 10. Qe2 $1 {'N!' Shirov.  Shirov: 'Finkel:
Very typical for a sharp Shirov's style.White has tried other moves in this
position,but did'nt achieve anything from the opening.Probably that's the
reason why 8.Nd5 is cinsidered by modern theory as not so dangerous for black.
May be the following game will change the assesment of this variation. '
Shirov: 'Mueller: Sehr mutig gespielt.Die weise Dame raumt die erste Reihe um
0-0-0 zu ermoglichen, und gleichzeitig bereitet den Durchbruch d4-d5 vor.'} (
10. O-O {- 69/(88)} 10... Nd7 (10... Bg4 $5 {Shirov}) 11. c3 Bd6 12. Bg5 Qg6
13. Qd2 h6 14. Bf4 Be7 15. Rfe1 O-O 16. Bg3) (10. c3 {(Shirov) Mueller,Ka}
10... Nd7 11. Qb3 (11. Bg5 {Shirov} 11... Qg6 12. Qd2 $2 (12. O-O {Shirov})
12... h6 13. O-O-O hxg5 {0-1 Clement,O-Prie,E/FRA-chT 1995/EXT 95ch}) (11. Be3
{Shirov} 11... h6 12. Qd2 Be4 13. Be2 Bd6 14. O-O-O b5 15. Ne1 Nb6 $11 {
0-1 Szylar,E-Prie,E/Le Touquet op 1993/EXT 93op (32)}) 11... Nb6 (11... O-O-O {
Shirov} 12. O-O {1/2-1/2 Djurhuus,R-Westerinen,H/Gausdal 1996/EXP 51}) 12.
O-O-O Bd6 13. Be2 (13. Bg5 {Shirov} 13... Qg6 14. h4 Nxc4) 13... O-O 14. Bg5
Qg6 15. h4 Bg4 {1/2-1/2 Donev,I-Bacrot,E/Biel Credis 1995/EXP 48 (40)} 16. h5 (
16. Ne5 {Shirov} 16... Bxe5 17. Bxg4 Bf6 18. f4) (16. c4 {Shirov} 16... c5 17.
h5 Qe4 18. Bd3 Qc6 19. d5 exd5 20. cxd5 Qc7 21. Rhe1) 16... Qe4 {#} 17. Bd3 (
17. Rh4 $1 {Shirov} 17... Bf4+ 18. Bxf4 Qxf4+ 19. Rd2 $14) 17... Bf4+ 18. Kb1
Bxf3 19. Bxe4 Bxe4+ 20. Ka1 Bxg5 $15 {Donev,I-Bacrot,E/Biel Credis 1995 (40)})
(10. Ne5 {(Shirov) Mueller,Ka} 10... Nd7 (10... Bd6 {Shirov} 11. Bc3 O-O 12.
O-O Bxe5 13. dxe5 Qe7 14. Qe2 Nd7 15. Rad1 $14 {
1/2-1/2 Vausser,P-Prie,E/FRA-chT 1994/TD 94\03 (40)} 15... Nb6 16. Bb3 Nd5 $11
{Vausser,P-Prie,E/FRA-chT 1994 (40)}) 11. Nxd7 (11. Qe2 $6 {Shirov} 11... Nxe5
12. dxe5 Qg6 13. f3 h5 {
1/2-1/2 Schmittdiel,E-Van der Werf,M/Wijk op 1993/CBM 34}) 11... Kxd7 (11...
Qxd4 $5 {Shirov}) 12. c3 Qg6 13. O-O Bd6 14. Re1 h5 15. Bf1 h4 $11 {
1-0 Emms,J-Haveland,B/Gausdal TM 1996/EXP 51 (27)} 16. Qf3 $14 {
Emms,J-Haveland,B/Gausdal Troll 1996 (27)}) (10. Bg5 $2 {(Shirov) Mueller,Ka}
10... Qg6 11. Qd2 $2 (11. O-O {Shirov} 11... Bxc2 12. Qd2 h6 $15 (12... Be4 $4
{Shirov} 13. Nh4 $18)) 11... h6 12. Qf4 hxg5 13. Qc7 Nd7 $19 {
0-1 Schmitz,T-Hoffmann,N/GER-chJ U20 1992/EXT 92ch (22)}) (10. Bc3 $5 {
(Shirov) Finkel,A} 10... Bg4 11. Be2 Qd8 12. h3 Bh5 13. Qd2 Nd7 14. O-O-O Nf6
15. g4 Bg6 16. Ne5 $14 {Koch,J-Relange,E/FRA-chT 1993/0-1 (70)}) 10... Bg4 (
10... Bxc2 11. d5 $40 (11. Bc3 {(Shirov) Finkel,A} 11... Qg6 12. d5 cxd5 (12...
Qe4 $6 {Shirov} 13. dxe6 fxe6 14. Ng5 $1 Qxe2+ 15. Kxe2 Bf5 16. Bxe6 $16) 13.
Bxd5 Nc6 14. Ne5 Nxe5 15. Qxe5 Qf5 $1 (15... O-O-O $6 {Shirov} 16. Bxb7+ $1
Kxb7 17. Qb5+ Kc7 $8 18. Ba5+ Kd6 19. O-O $1 (19. Bxd8 {Shirov} 19... Qxg2 20.
Kd2 Qxf2+ 21. Kc3 Be4 22. Rad1+ Bd5 23. Rhe1 $13) 19... Ke7 (19... Rc8 $2 {
Shirov} 20. Qa6+ Rc6 21. Rad1+ $1 $18) 20. Bxd8+ Kxd8 21. Rac1 $16) 16. Bxb7
Qxe5+ 17. Bxe5 Rd8 18. Bc6+ Ke7 19. O-O f6 20. Bc3 Kf7 21. Rac1 $14) 11... Qxb2
12. O-O $44) (10... Nd7 11. d5 $1) 11. d5 Bxf3 $1 {Shirov: 'Finkel: Again not
accepting the gift and this time probably in vain.After' Shirov: 'Mueller:
Weis hat schon die Initiative errobern, als kleine kompensation hat nach
dieser Abtausch Schwarz bessere Bauernsruktur.Das konte von Bedeutung sein nur
wen der Nachziehenden bis zum Endspiel uberlebt.'} (11... Qxb2 $6 {
(Shirov) Mueller,Ka} 12. O-O Bxf3 13. gxf3 cxd5 14. Bxd5 Nc6 15. Rab1 Qd4 $1 {
Finkel: it's not so clear if an activity of white pieces compensates for the
lack of a pawn.} (15... Qxc2 {Shirov} 16. Rxb7 Nd4 17. Qe3 $40) 16. Bxc6+ bxc6
17. Qa6 $36) 12. gxf3 cxd5 (12... Qxb2 {(Shirov) Donev} 13. O-O cxd5 14. Bxd5
Nc6 15. Rab1 Qxc2 16. Rxb7 Nd4 17. Qe3 Qc5 18. Qxd4 Qxd5 (18... Qxd4 {Shirov}
19. Bc6+ Kd8 20. Ba5+ Kc8 21. Rc7+ Kb8 22. Rb1+ Bb4 23. Rb7+ Kc8 24. R7xb4 $18)
19. Qxd5 exd5 20. Re1+ Kd8 21. Ba5+ Kc8 22. Rc7+ Kd8 23. Rxf7+ Kc8 24. Re8#)
13. Bxd5 Nd7 $1 (13... Nc6 14. O-O-O Ba3 (14... Bd6 {(Shirov) Donev} 15. Bc3
$36) 15. c3 $16) 14. O-O-O (14. Bc3 $2 Bb4 {'!' Shirov.} 15. Bxb4 Qxb2 $15)
14... Ba3 $1 (14... O-O-O {(Shirov) Mueller,Ka} 15. Be4 $14 Be7 16. Be3 $14)
15. c3 O-O (15... O-O-O {(Shirov) Finkel,A} 16. Bxb7+ Kxb7 17. Qe4+ Kb8 18.
bxa3 e5 19. Kc2 $1 $16) 16. Be4 $1 (16. Bxb7 $6 {(Shirov) Finkel,A} 16... Bxb2+
17. Kxb2 Rab8 18. Qb5 Rxb7 (18... Qe7 $6 {Shirov} 19. Bf4 Nc5 20. Bxb8 Rxb8 21.
Ka1 $16) 19. Qxb7 Rb8 20. Qxb8+ Nxb8 21. Be3 $13) 16... Be7 $6 {'?' Shirov.} (
16... Bc5 17. Be3 Bxe3+ 18. Qxe3 $14) 17. Bxh7+ $6 (17. Bxb7 Rab8 18. Be4 (18.
Bc6 Ne5 19. Be4 Rfc8 $44) 18... Rfc8 $44) (17. h4 $1 h6 $8 18. Bg5 $1 hxg5 19.
Bh7+ $3 (19. Rxd7 $2 gxh4) 19... Kh8 20. hxg5 Qf4+ $1 (20... Qxg5+ 21. Kb1 Nf6
(21... Rfd8 22. f4 Qxf4 23. Rd4 Qg5 24. f4 Qc5 25. Qh2 $18) 22. Bc2+ Kg8 23.
Rdg1 Qf4 (23... Qd5 24. Qe3 $3 $18) 24. Qf1 $3 g6 (24... Rfd8 25. Qh3 Kf8 26.
Qh8+ Ng8 27. Rxg7 Ke8 28. Rg4 $18) 25. Qg2 Rfd8 (25... Ng4 26. Qh3 $1 Nh6 27.
Bxg6 Bg5 28. Qh5 $18) 26. Bxg6 Bc5 27. Bxf7+ {'!' Shirov.} 27... Kxf7 (27...
Kf8 28. Qg7+ Ke7 29. Re1 Kd7 30. Rxe6 $18) 28. Qg7+ Ke8 29. Rh8+ Ng8 30. Qxg8+
Kd7 (30... Ke7 31. Qh7+ Kd6 32. Rd1+ $18) 31. Rd1+ Bd6 32. Rh7+ Kc6 (32... Kc8
33. Qxe6+ Kb8 34. Qd5 $18) 33. Qxe6 Qe5 (33... Rab8 34. Rh6 {/\ Rd4+-}) 34.
Rxd6+ {'!' Shirov.} 34... Qxd6 35. Qc4+ Qc5 (35... Kb6 36. Qb3+ Kc5 37. Qb4+
Kd5 38. Qxb7+ $18) 36. Rc7+ Kxc7 37. Qxc5+ Kd7 38. f4 $18) 21. Kb1 Bxg5 (21...
Rfd8 $2 22. Rd4 Qe5 (22... Qxg5 23. f4 $18) 23. Bf5+ Kg8 24. Rdh4 Qxf5+ 25. Ka1
f6 26. g6 $18) 22. Rxd7 Bh6 23. Bc2 $16) 17... Kxh7 18. Qd3+ Kg8 19. Qxd7 {
Shirov: 'White has serious advantage not just because he is a pawn up,but also
because of the fact that he has some attacking chances over the g-file.'} 19...
b6 $1 20. Rhg1 Rad8 {'!' Shirov.} 21. Qxa7 (21. Qb7 Rd3 $132) (21. Qb7 $5 $16 {
(Shirov) Finkel,A}) 21... Bc5 22. Be3 Ra8 23. Qb7 Rxa2 24. Qe4 $1 $14 Bxe3+ $6
{'(+)?!' Shirov.} (24... Rfa8) (24... Ba3 $2 {(Shirov) Mueller,Ka} 25. Bd4 Qh6+
26. Qe3 $18) 25. fxe3 {Shirov: 'Black can't use the fact that white king is a
little bit exposed,because it has very safe shelter on c2'} 25... b5 $2 (25...
Rc8 26. Qd4 Qxd4 27. exd4 Ra5 $1 $14) 26. Kc2 $16 b4 $138 (26... Rc8 27. Qd4
Qxd4 28. Rxd4 $16) (26... Ra4 27. Rd4 $16) (26... Raa8 $5 $16 {
(Shirov) Finkel,A}) 27. Qxb4 Qf5+ (27... Qxf3 28. Kb3 $3 {
Salov,Va Shirov: 'Salov'} (28. Rxg7+ $2 Kxg7 29. Rg1+ Kf6 30. Qh4+ Ke5 31. Qd4+
Kf5 32. Qd3+ Ke5 $11) 28... Raa8 29. Rxg7+ Kxg7 30. Rg1+ Kf6 31. Qh4+ Ke5 32.
Qd4+ Kf5 33. e4+ Kf4 34. Qf6+ Ke3 35. Re1+ Kd2 (35... Qe2 36. Qg5+ Kd3 37. Qb5+
$18) 36. Qxf3 Rfb8+ 37. Kc4 Rc8+ 38. Kd4 Rd8+ 39. Ke5 $18) 28. Kb3 Raa8 $4 (
28... Ra5 29. e4 (29. Rxg7+ Kxg7 30. Rg1+ Kh7 31. Qxf8 Rb5+ 32. Ka3 Ra5+ $11)
29... Qh5 30. Kc2 Rb5 (30... Qxh2+ 31. Rd2 Qxg1 32. Qxa5 $16 Qh1 $140 33. Rd8
$1) 31. Qd4 g6 $16) 29. Rxg7+ (29. e4 $2 {(Shirov) Mueller,Ka} 29... Qxf3 30.
Rd7 Qf4 $40) (29. Rd6 $2 {(Shirov) Mueller,Ka} 29... Qxf3 30. Qg4 Rfb8+ 31. Kc2
Qf2+ 32. Kd3 g6 $40) (29. Qe4 $2 {(Shirov) Mueller,Ka} 29... Rfb8+ 30. Kc2 Qb5
31. Qb4 Qf5+ 32. Qe4 $11) 29... Kxg7 30. Rg1+ Qg6 (30... Kh8 $2 {Shirov} 31.
Qh4+ Qh7 32. Qf6+ Qg7 33. Qxg7#) 31. Rxg6+ fxg6 32. Qe4 $18 1-0

[Event "Ter Apel"]
[Site "?"]
[Date "1997.??.??"]
[Round "?"]
[White "Shirov, Alexei"]
[Black "Jussupow, A."]
[Result "1-0"]
[WhiteElo "2690"]
[BlackElo "2665"]
[Annotator "NN"]
[PlyCount "75"]
[EventDate "1997.??.??"]
[SourceDate "2003.04.06"]

{69/297} 1. e4 {Stohl. Stohl: 'Shirov '} 1... e5 2. Nf3 Nf6 3. d4 Nxe4 4. Bd3
d5 ({About 4 years ago Murey shocked his opponent Timman and the chess world
with the suprising} 4... Nc6 $5 {
Stohl But since then adequate methods have been found for White:} 5. dxe5 $1 (
5. Bxe4 $143 {Stohl} 5... d5 6. Bg5 Qd7 $13) (5. d5 {Stohl} 5... Nc5 6. dxc6 e4
7. cxb7 Bxb7 8. Be2 exf3 9. Bxf3 Bxf3 10. Qxf3 Bd6 $5 $10) 5... d5 (5... Nc5
$142 $5 {Stohl} 6. Bc4 $14) 6. exd6 Nxd6 7. Nc3 Be7 8. O-O O-O 9. Nd5 Bf5 10.
Bf4 Bg6 11. c4 $1 Ne8 12. Bxg6 hxg6 13. Re1 Bd6 14. Bg5 f6 15. Be3 Rf7 16. Qc2
g5 17. Rad1 Qc8 18. c5 Bf8 19. Bxg5 $1 $40 {Movsesjan,S-Hracek,ZGER-Cup/1997/}
19... fxg5 20. Rxe8 $1 Qxe8 21. Nxg5 g6 22. Qxg6+ Bg7 23. Ne6 $1 $18) 5. Nxe5
Bd6 (5... Nd7 {Stohl has currently a better reputation.} 6. Nxd7 Bxd7 7. O-O
Bd6 ({The older} 7... Qh4 {Stohl} 8. c4 O-O-O 9. c5 g5 $5 {
lost most of it's popularity after the following game:} 10. Be3 Re8 11. Nd2 $1
Bg7 12. Nf3 Qh5 13. Nxg5 Qxd1 14. Rfxd1 Nxg5 15. Bxg5 Bg4 16. Rd2 Bxd4 17. c6
Be5 18. Bb5 b6 19. Bh4 Rhg8 20. Ba6+ Kb8 21. Bg3 Bxg3 22. hxg3 Rd8 23. Rd4 $16
{><P_|_,Kasparov,G-Ivanchuk,V/Debrecen EUchT/1992/}) 8. c4 c6 9. cxd5 cxd5 10.
Nc3 Nxc3 11. bxc3 O-O $5 12. Qh5 g6 13. Qxd5 Qc7 14. Bh6 Rfe8 15. h4 Be6 16.
Qf3 Qxc3 17. Qf6 Bf8 18. Bxf8 Rxf8 19. Rfd1 Qa5 20. Be4 Qd8 21. Qxd8 Raxd8 $10
{Tiviakov,S-Jussupow,A/Groningen/1994/}) 6. O-O O-O (6... Nd7 $142 $5 {
(Stohl) This was the last chance to transpose into the line above. Symmetry
usually favours the attacking side.}) 7. c4 Nc6 {'!?' Stohl.} (7... c6 {Stohl}
8. Nc3 $1 Nxc3 9. bxc3 Nd7 10. f4 $36 (10. Re1 $5 $36 {Stohl})) ({
The sharp tactical line} 7... Bxe5 {Stohl} 8. dxe5 Nc6 9. cxd5 Qxd5 10. Qc2 Nb4
11. Bxe4 Nxc2 12. Bxd5 Bf5 {has more or less been refuted by} 13. g4 Bxg4 14.
Bf4 Nxa1 15. Be4 f5 16. Bd5+ Kh8 17. Rc1 c6 18. Bg2 Rfd8 19. Nd2 Rxd2 $6 20.
Bxd2 Rd8 21. Bc3 Rd1+ 22. Rxd1 Bxd1 23. Bf1 $1 Bf3 24. Bd3 $1 Be4 25. Bc4 Bd5 (
25... b5 $2 {Stohl} 26. e6) 26. Bxd5 $1 cxd5 27. Kf1 d4 28. Bxd4 Nc2 29. Bc3 $1
b5 30. e6 $18 {_|_,Zapata,A-Zarnicki,P/Sao Paulo/1992/}) 8. Nxc6 (8. cxd5 {
Stohl} 8... Nxd4 9. Bxe4 Bxe5 $10) 8... bxc6 {Stohl: 'Black's pawn structure
is terrible, but he relies on his active pieces and also counterplay against
the d4-pawn.'} 9. c5 Be7 10. Nc3 (10. f3 {Stohl} 10... Ng5 11. Nc3 Re8 $1 12.
Qa4 Bd7 13. Bd2 Rb8 14. Rab1 Bf6 15. Kh1 h5 16. Ne2 h4 17. h3 Qc8 18. Ba6 Qd8
19. Bd3 Qc8 20. Ba6 Qd8 {1/2,Kasparov,G-Jusupov,A/Horgen/1995/}) 10... f5 {
'?!' Stohl.  Stohl: '><e5,<->e' Stohl: 'Strategically this move is suspect, as
it creates a permanent hole on e5. Yusupov relies on piece counterplay, but
Shirov forcefully exploits Black's weaknesses.'} (10... Nxc3 {Stohl} 11. bxc3 {
><Pc6,c7,/\Qa4,Bf4 is also not good, Black's P are very vulnerable.}) ({
Yusupov has had a bad experience with} 10... Bf6 {Stohl} 11. Qc2 $1 Bxd4 12.
Nxe4 dxe4 13. Bxe4 Qh4 14. g3 Qf6 15. Be3 $1 Bxe3 16. fxe3 Qh6 17. Rf4 g5 18.
Rf2 Bh3 19. Bf5 Rae8 20. Qc3 Qh5 21. Bxh3 Qxh3 22. Qf6 $16 {
Ivanchuk,V-Jusupov,A/Horgen/1995/}) ({Even the more solid} 10... Bf5 $142 $5 {
Stohl} 11. f3 (11. Qc2 {Stohl} 11... Bg6 $1 12. Nxe4 dxe4 13. Bxe4 Qxd4 14.
Bxg6 hxg6 15. Be3 Qb4 $1 16. a3 Qb5 17. Bd4 Bf6 18. Bxf6 gxf6 19. Qc3 Kg7 $10 {
Shirov,A-Jusupov,A/BRD/1996/}) (11. Qc2 {
(Stohl) Shirov Shirov-Yusupov (Solingen BL 1996)}) 11... Nxc3 12. bxc3 Bxd3 13.
Qxd3 Bg5 14. Qa6 Bxc1 15. Raxc1 Qd7 16. Rfe1 $14 {Shirov,A-Huebner,R/Frankfurt
act/1996/ doesn't solve Black's problems completely.}) 11. f3 ({
Shirov is not interested, where his opponent would improve on} 11. Ne2 {Stohl}
11... Bf6 12. Qa4 Bd7 13. f3 Ng5 14. Nf4 Qe7 15. Bd2 g6 16. Rae1 Qg7 17. Bc3 h5
18. Ba6 Rab8 19. Nd3 h4 20. Ne5 $16 {Timman,J-Jusupov,A/Linares cm (08)/1992/})
11... Ng5 12. Qa4 Bd7 13. Bf4 $1 $146 {'!' Stohl.} (13. b4 Ne6 14. Be3 a6 15.
Qc2 g6 $13) (13. Ne2 Bf6 {- 54/286}) 13... Bf6 (13... Nf7 $143 {Stohl} 14. Qa5
$1 Bf6 15. Ne2 $16) 14. Rae1 Ne6 $5 (14... Nf7 $5 $14) 15. Be5 Bxe5 16. Rxe5
Qh4 17. f4 $5 (17. Rxf5 Qxd4+ (17... Rxf5 $2 18. Bxf5 Nxd4 19. Bg4 $1 Nf5 20.
Nxd5 $18) 18. Qxd4 Nxd4 $11) (17. Bxf5 Rxf5 $1 (17... Nxc5 $2 18. dxc5 Qxa4 19.
Bxh7+ Kxh7 20. Nxa4 $16) 18. Rxf5 Nxc5 (18... Nxd4 $2 19. Re5) 19. dxc5 (19.
Qb4 $2 {Stohl} 19... Nd3 20. Qb7 Qxd4+ 21. Kh1 Re8 $1 {/\Bf5,Nf2}) 19... Qxa4
20. Nxa4 Bxf5 21. Rd1 $1 (21. b3 $14 {
(Stohl) /+/-,><P and White has good winning chances in this endgame.}) (21. Kf2
$5 {Stohl}) 21... Rb8 $1 22. b3 Rb4 $1 $14) (17. Ne2 $2 {Stohl} 17... Nxc5 $15)
17... Nxf4 {'[]' Stohl.} 18. g3 Nh3+ 19. Kg2 Qh6 (19... Qh5 $143 $6 {
Stohl Black will be late with the f5-f4 counterplay.} 20. Nxd5 (20. Be2 $5 {
Stohl}) 20... Rae8 21. Be2 Qh6 22. Nxc7 Rxe5 23. dxe5 f4 24. e6 $1 $18) 20.
Nxd5 (20. Bxf5 $143 $6 {Stohl} 20... Bxf5 21. Rexf5 Rxf5 22. Rxf5 Ng5 23. h4
Ne6 $5 $132 {/\} 24. Qxc6 $4 Nf4+ $19) 20... f4 $2 (20... Kh8 21. Ne3 $1 (21.
Nxc7 Rab8 $44) (21. Nf4 Nxf4+ 22. Rxf4 g5 23. Rf2 f4 $13) 21... f4 (21... Ng5 {
Stohl} 22. Nxf5 Qh3+ 23. Kg1 $18) 22. Nf5 {- 20...f4}) (20... Qd2+ 21. Be2 Rae8
(21... Ng5 22. Nxc7 (22. Qb4 $1 {Stohl} 22... Qxb4 (22... Qc2 {Stohl} 23. Nxc7
{/\Qc4}) 23. Nxb4 $16 {
In the endgame there are no tactics anymore and the weak pawns remain.}) 22...
Rab8 (22... f4 $2 23. Qc4+ Kh8 24. Rxg5 $18) (22... Rac8 23. Rf2 $18) 23. Rf2
$1 $16) (21... f4 22. Qb4 $1 (22. Ne7+ $2 {Stohl} 22... Kh8 23. Qd1 Qxb2 24.
Qd3 Bg4 $19) (22. Nxf4 {Stohl} 22... Nxf4+ 23. gxf4 Rxf4 (23... Qxb2 {Stohl}
24. Qb3+ Qxb3 25. axb3 $14) 24. Rxf4 Qxf4 25. Qb3+ Kh8 26. Qe3 Rf8 (26... Qxe3
{Stohl} 27. Rxe3 Re8 28. Rxe8+ Bxe8 29. Kg3 Kg8 30. Kf4 Kf7 31. Ke5 Ke7 32. b4
$14) 27. Qxf4 Rxf4 28. d5 $14) 22... Qxb4 (22... f3+ 23. Rxf3 Qc1 24. Ne7+ Kh8
25. Nf5 Rab8 26. Qc4 Qxc4 27. Bxc4 Ng5 28. Rf2 Bxf5 (28... g6 29. h4 Bxf5 30.
hxg5 Bh3+ 31. Kg1 Rxf2 32. Kxf2 Rxb2+ 33. Ke3 Rb8 34. Re7 $18) 29. Rexf5 Rxf5
30. Rxf5 Rxb2+ 31. Kf1 h6 32. Rf8+ Kh7 33. h4 $18) 23. Nxb4 $16) 22. Ne7+ (22.
Qb4 Qxe2+ 23. Rxe2 Rxe2+ 24. Kxh3 cxd5 $40) 22... Kh8 23. Qd1 $1 (23. Kxh3 Rf7
$1 (23... f4+ {Stohl} 24. Kg2 Bg4 (24... fxg3 {Stohl} 25. Qd1 $18) 25. Qd1 f3+
26. Kg1 Qxe2 27. Rxe2 fxe2 28. Rxf8+ Rxf8 29. Qe1 $18) 24. Kg2 Rfxe7 25. Rf2
Rxe5 26. dxe5 Qd5+ 27. Bf3 Qxe5) 23... Qg5 24. Qc1 $1 Qf6 25. Qe3 f4 26. gxf4
Nxf4+ 27. Kh1 $14) (20... Rae8 21. Ne7+ Kh8 22. Bxf5 $1 (22. Qc2 $6 f4 23. Bxh7
Rf7 $1 $15) (22. Qd1 f4 23. Rh5 f3+ 24. Rxf3 Rxf3 25. Qxf3 (25. Rxh6 Rf2+ 26.
Kh1 gxh6 27. Qe1 Kg7 28. Qe5+ Kf8 $17) (25. Ng6+ Qxg6 26. Bxg6 Rf2+ 27. Kh1 Bg4
28. Rxh7+ Kg8 29. Bxe8 Bxd1 30. Rxh3 Bf3+ 31. Kg1 Rg2+ 32. Kf1 Rxb2 33. Rh4
Rxa2 $15) 25... Qd2+ 26. Be2 Ng5 27. Qd3 Qxb2 $13) 22... Rxe7 23. Bxd7 $1 (23.
Rxe7 $6 Qd2+ 24. Kxh3 Rxf5 25. Rxf5 (25. Rxd7 Qh6+ 26. Kg2 Qd2+ $11) 25...
Bxf5+ 26. g4 Bxg4+ 27. Kg3 (27. Kxg4 Qg2+ 28. Kf4 Qf2+ $11) 27... Bh5 $1 (27...
Bd7 28. Re5 $1 Qd3+ 29. Kf2 Qd2+ 30. Kf3 $16) (27... Qd3+ 28. Kxg4 Qg6+ 29. Kf3
Qf6+ 30. Ke4 Qxe7+ 31. Kd3 $16) 28. Re5 Qd3+ 29. Kh4 Qf3 $1 30. Rxh5 Qf4+ 31.
Kh3 Qf3+ $11) 23... Rxf1 24. Kxf1 Rf7+ 25. Rf5 Rxf5+ 26. Bxf5 Qe3 (26... Qf6
27. Qc2 g6 28. Kg2 Ng5 29. h4 Nf7 30. Be4 Qxd4 31. Bxc6 $14) 27. Bxh3 Qf3+ 28.
Ke1 Qe3+ 29. Kd1 Qg1+ 30. Kc2 Qxh2+ 31. Kc3 Qxg3+ 32. Kb4 Qxh3 33. Qxc6 $14) (
20... Ng5 $2 {Stohl} 21. Ne7+ Kh8 22. Bxf5 Qh3+ 23. Kg1 $1 $16) 21. Ne7+ Kh8
22. Nf5 $1 $16 (22. Bf5 $2 fxg3 {'!' Stohl.} (22... f3+ {Stohl} 23. Rxf3 Ng5
24. Rf4 $16) (22... Ng5 {Stohl} 23. Bxd7 fxg3 24. Rxf8+ Rxf8 25. hxg3 $18) (
22... Bxf5 $2 {Stohl} 23. Nxf5 $18 {-24.Bf5}) 23. hxg3 (23. Bxd7 $2 {Stohl}
23... Qd2+ 24. Kxh3 Qxh2+) 23... g6 {'!' Stohl.} 24. Bxd7 Qd2+ {'!' Stohl.} (
24... Rxf1 {Stohl} 25. Kxf1 Rf8+ 26. Nf5 gxf5 $13) 25. Kxh3 Rxf1 $19 26. Qxc6 (
26. Bxc6 {Stohl} 26... Qh6+ 27. Kg4 Raf8 $40 {/\R1f4}) 26... Raf8 $40 {><K} 27.
Qe4 Qh6+ 28. Kg4 Rh1 $1 $19) 22... Qg5 {'?' Stohl.} (22... Bxf5 23. Rxf5 $1 (
23. Bxf5 fxg3 24. hxg3 Ng5 $13 25. Rh1 $140 Qf6) 23... Rae8 (23... Rfb8 24. Qc2
$16) (23... Rfe8 {Stohl} 24. Qd1 g6 $14 {White is better due to Black's
misplaced N, but it' still a fight. Now all the tactics start to work in
White's favour.}) (23... g6 $2 {Stohl} 24. Qxc6 $16) 24. Qd1 $1 $16) (22... Qg6
{Stohl} 23. Qc2 $18) (22... Qh5 {Stohl} 23. Qd1 $1 $18 (23. Nxg7 {Stohl} 23...
Qg4 $132)) 23. Nh4 {
'!' Stohl.  Stohl: 'Here the N not only attacks, but also defends his K.'}
23... Qh6 (23... Qf6 $2 {Stohl} 24. Rh5 $1 $18) 24. Bf5 $1 fxg3 (24... Bxf5 25.
Nxf5 Qg6 (25... Qh5 {Stohl} 26. Qd1) 26. Qc2 $1 (26. Nh4 $6 {Stohl} 26... Qg4
27. Qd1 Nf2 $1 $40) 26... Qg4 (26... Ng5 {Stohl} 27. Rxf4) 27. Qd1 $16 Qxd1 28.
Rxd1 Ng5 29. gxf4 $18 {leads to a technical endgame with an extra pawn.}) 25.
hxg3 (25. Kxh3 $2 {Stohl} 25... gxh2 26. Qc2 g5 $19) 25... g6 $6 (25... Bxf5
26. Nxf5 (26. Rexf5 {Stohl} 26... Rxf5 27. Rxf5 (27. Nxf5 {Stohl} 27... Qh5 28.
Qd1 Nf4+ $1) 27... g5 $5 $13) (26. Rfxf5 {Stohl} 26... Nf4+ $1 $132) 26... Qh5
27. Qd1 (27. Qxc6 {Stohl} 27... Ng5 28. Qxc7 Rf7 29. Qc6 Qh3+ 30. Kg1 Raf8 31.
Re8 g6 32. Qc8 $1 $18) (27. Nxg7 $5 {Stohl}) 27... Qxd1 28. Rxd1 Nf2 (28... Ng5
29. Ne7 $16) 29. Kxf2 g6 30. d5 $16) 26. Bxd7 Qd2+ 27. Kxh3 Rxf1 28. Bxc6 Raf8
29. Bg2 $18 {
Stohl: 'Compared with the position after 22.Bf5?! White's K is now safe on h3.'
} 29... R1f2 (29... R1f7 30. Re8 (30. d5 {Stohl} 30... g5 31. Nf3 $1 $18 {/\}
31... Rxf3 32. Bxf3 Rxf3 33. Qe8+ Kg7 34. Re7+ Kh6 35. Qc6+ Kh5 36. Rxh7#)
30... g5 31. Bd5 Rf6 32. Nf3) (29... R1f6 30. Qd7 g5 31. Re7 Rh6 32. Qg4) 30.
Qd7 g5 (30... R2f7 {Stohl} 31. Re7) 31. Re7 Qc2 32. Be4 $5 {'!' Stohl.} (32.
Qg4 $1 Rg8 33. Qe6 Rgf8 34. Qe5+) 32... Rh2+ 33. Kg4 Rxh4+ (33... Qe2+ 34. Nf3
(34. Kxg5 Rg8+ 35. Kf6) 34... h5+ 35. Kxg5 Qe3+ (35... Rg8+ {Stohl} 36. Bg6)
36. Kg6 Rg8+ 37. Rg7 {'!' Stohl.} (37. Kf6 {Stohl} 37... Qh6+ 38. Ke5 $18)
37... Qxe4+ 38. Kh6 Qe3+ 39. Ng5) 34. gxh4 Qe2+ 35. Kxg5 Rg8+ (35... h6+ 36.
Kxh6 Qe3+ 37. Kh5) (35... Qe3+ {Stohl} 36. Kh5 Qe2+ 37. Qg4) 36. Kf6 Rf8+ (
36... Qf2+ {Stohl} 37. Ke5 Qg3+ 38. Kd5 $18) 37. Rf7 Qf2+ 38. Ke6 $18 1-0